Management Models of Digital Transformation : Analysis and Definition of Success Factors for the Development of a Management Framework /

Contiene: 1) Introducción; 2) Fundamentos de la transformación digital; 3) Fundamentos de los modelos de gestión; 4) Enfoque para la determinación de los factores de éxito; 5) Derivación de los factores de éxito; 6) Catálogo de criterios para una transformación digital exitosa; 7) Análisis de los mo...

Descrición completa

Gardado en:
Detalles Bibliográficos
Autor Principal: Wenzel, Katja (autor)
Formato: Libro
Idioma:inglés
Publicado: Wiesbaden, Alemania : Springer Gabler, 2022, c2022
Series:(BestMasters)
Temas:
Acceso en liña:Ver documento en línea
Etiquetas: Engadir etiqueta
Sen Etiquetas, Sexa o primeiro en etiquetar este rexistro!

MARC

LEADER 00000nam^a2200000^a^4500
001 000631224
005 20260416000000.0
009 20260416095559.999
020 |a 978-3-658-36158-7 
037 |a Acervo ITESO - Biblioteca 
041 |a ING 
082 |a 658. 00285  |b WEN 
100 |a Wenzel, Katja  |e (autor) 
245 1 0 |a Management Models of Digital Transformation :  |b Analysis and Definition of Success Factors for the Development of a Management Framework /  |c K. Wenzel. 
264 4 |a Wiesbaden, Alemania :  |b Springer Gabler,  |c 2022, c2022 
264 2 |a Cham, Suiza :  |b Springer Link [distribución],  |c 2026, c2026 
300 |a 1 libro electrónico en línea (XIV, 131 p.) 
300 |a 1 recurso en línea 
336 |a datos para computadora  |b cod  |2 rdacontenido 
337 |a computadora  |b c  |2 rdamedio 
338 |a recurso en línea  |b cr  |2 rdasoporte 
440 1 |a (BestMasters) 
506 0 |a Licencias ilimitadas 
520 |a Contiene: 1) Introducción; 2) Fundamentos de la transformación digital; 3) Fundamentos de los modelos de gestión; 4) Enfoque para la determinación de los factores de éxito; 5) Derivación de los factores de éxito; 6) Catálogo de criterios para una transformación digital exitosa; 7) Análisis de los modelos de gestión de la transformación digital; 8) Marco para un modelo de gestión de la transformación digital; 9) Conclusiones y perspectivas. 
521 |a 2025 BO Especialidad en Negocios Internacionales 
649 |a XX 
650 |a Negocios en Internet -  |x Tema Principal 
650 |a Cambio y Desarrollo Organizacional 
650 |a Planeación Estratégica 
650 |a Inteligencia de Negocios 
650 |a Estrategia en los Negocios 
650 |a Innovación Administrativa -  |x Tema Principal 
650 |a Proceso Administrativo -  |x Dirección 
650 |a Desarrollo Tecnológico 
650 |a Administración 
650 |a Ciencias Administrativas 
856 4 0 |u https://link-springer-com.ezproxy.iteso.mx/10.1007/978-3-658-36158-7  |y Ver documento en línea 
910 |a Fondo General 
920 |a Electrónicos - Libros en Línea 
930 |a Plataforma Digital 
905 |a 205 
902 |a https://opac.biblio.iteso.mx/vufind/Record/000631224